Statistics for Harry Potter Charter Last Name

Click here to take the quiz!

General Stats

  • This quiz has been taken 39 times
  • The average score is 15 of 15

Answer Stats

QuestionAnswer% Correct
Albus? (headmaster)Dumbledore
100%
Hermione?Granger
100%
Nevile?Longbottom
100%
Luna?Lovegood
100%
Pansy?Parkinson
100%
Padma?Patill
100%
Harry?Potter
100%
Ron?Weasley
100%
Charlie?Weasley
100%
Tom?Riddle
97%
Kingsley?Shackelbolt
97%
Lily?Evans
94%
Narrissia?Malfoy
94%
Argus?Filch
90%
Gellert?Grindelwald
87%

Score Distribution

Percentile by Number Answered

Percent of People with Each Score

Your Score History

You have not taken this quiz